00643nam a2200121Ia 4500008004100000050002400041100002600065245027400091260004500365300004600410500005600456650000900512150609s9999 xx 000 0 und d aRM 214b.Am526 2015 aAmparado, Resannie A. aEffectiveness of syzygium cumini (java plum) crude extract as an alternative to crystal violet in simple stain / cResannie A. Amparado, Pauleene G. Antonio, Alyssa Kiana Ysabel M. Butingan, Charissa Claireen C. Cruz, Jemille Sarah J. Palma, Joveleen Jonah C. Petalver. aLas Piñas, Philippines :bSISC,c2015. a65 pages :bcolor illustrations ;c28 cm. aIncludes bibliographical references and appendices. aPlum